[Event "AUTO-OPEN-3348"]
[Site "http://www.queenalice.com/game.php?id=1313540"]
[Date "2014.10.8"]
[Round "1"]
[White "Nunes"]
[Black "NLPS_VG24"]
[Result "0-1"]
[WhiteElo "1660"]
[BlackElo "1693"]

1. e4 c6 2. d4 d5 3. Nc3 g6 4. e5 Na6 5. f4 h5 6. Nf3 Nb4 7. a3 Na6 8. Bd3 Be6
9. O-O f6 10. Bxg6+ Bf7 11. Qd3 Rh6 12. Bxf7+ Kxf7 13. e6+ Kxe6 14. f5+ Kd6 0-1

[Event "AUTO-OPEN-3349"]
[Site "http://www.queenalice.com/game.php?id=1313785"]
[Date "2014.10.9"]
[Round "1"]
[White "NLPS_VG24"]
[Black "JORGESILVA19D"]
[Result "0-1"]
[WhiteElo "1394"]
[BlackElo "2258"]

1. d4 f5 2. e3 Nf6 3. f3 e6 4. c3 d5 5. Bb5+ c6 6. Ba4 Be7 7. b4 O-O 8. Ne2 Nbd7
9. Nf4 Nb6 10. Bb3 Qe8 11. g4 fxg4 12. Rf1 gxf3 13. Rxf3 Ne4 14. Rh3 e5 15. Nh5
Bxh3 16. Ba4 Rf1+ 17. Ke2 Qxh5+ 0-1

[Event "AUTO-OPEN-3349"]
[Site "http://www.queenalice.com/game.php?id=1313786"]
[Date "2014.10.9"]
[Round "1"]
[White "JORGESILVA19D"]
[Black "NLPS_VG24"]
[Result "1-0"]
[WhiteElo "2279"]
[BlackElo "1494"]

1. e4 e5 2. d4 exd4 3. c3 c5 4. Nf3 f6 5. Bc4 Ne7 6. O-O Nec6 7. cxd4 cxd4 8.
Nxd4 Ne5 9. Bb3 Bc5 10. Be3 d6 11. h3 g5 12. f4 gxf4 13. Rxf4 Rf8 14. Qh5+ Rf7
15. Nc3 Qe7 16. Nd5 Qe6 17. Nxf6+ Ke7 18. Bxe6 Bxe6 19. Qh4 Nd3 20. Nd5+ Ke8 21.
Rxf7 Bxf7 22. Qe7# 1-0

[Event "AUTO-OPEN-3349"]
[Site "http://www.queenalice.com/game.php?id=1313789"]
[Date "2014.10.9"]
[Round "1"]
[White "NLPS_VG24"]
[Black "NPS_yanrong"]
[Result "1-0"]
[WhiteElo "1547"]
[BlackElo "1558"]

1. h4 d5 2. d4 h5 3. f3 Bf5 4. Nh3 Nf6 5. b3 Bxh3 6. gxh3 Nc6 7. Bg5 b5 8. Na3
b4 9. Nb1 Qb8 10. Qd3 Qb6 11. a4 1-0

[Event "AUTO-OPEN-3349"]
[Site "http://www.queenalice.com/game.php?id=1313790"]
[Date "2014.10.9"]
[Round "1"]
[White "NPS_yanrong"]
[Black "NLPS_VG24"]
[Result "0-1"]
[WhiteElo "1577"]
[BlackElo "1527"]

1. e4 Nc6 2. Bb5 Nd4 3. c3 Nxb5 4. Qa4 c6 5. c4 a6 6. Nf3 Nf6 7. e5 Ne4 8. O-O
f6 9. exf6 gxf6 10. d3 Ned6 11. cxb5 cxb5 0-1

[Event "AUTO-INT-2916"]
[Site "http://www.queenalice.com/game.php?id=1317449"]
[Date "2014.10.23"]
[Round "1"]
[White "Mariahi"]
[Black "NLPS_VG24"]
[Result "1-0"]
[WhiteElo "2037"]
[BlackElo "1694"]

1. f4 d5 2. Nf3 c6 3. e3 Bf5 4. b3 e6 5. Bb2 Nd7 6. Be2 Ngf6 7. O-O Bb4 8. Ne5
g6 9. Nxd7 Nxd7 10. Bxh8 Nf6 11. g4 Be4 12. d3 Nxg4 13. Bxg4 1-0

[Event "AUTO-INT-2916"]
[Site "http://www.queenalice.com/game.php?id=1317450"]
[Date "2014.10.23"]
[Round "1"]
[White "NLPS_VG24"]
[Black "Mariahi"]
[Result "0-1"]
[WhiteElo "1692"]
[BlackElo "2039"]

1. e4 d6 2. f3 Nf6 3. Bc4 g6 4. d3 Bg7 5. Nc3 O-O 6. Nge2 c6 7. Bb3 Qb6 8. Kf1
Nbd7 9. Rg1 Qc7 10. Bc4 a5 11. a3 b5 12. Bxb5 cxb5 0-1

[Event "AUTO-INT-2916"]
[Site "http://www.queenalice.com/game.php?id=1317461"]
[Date "2014.10.23"]
[Round "1"]
[White "NLPS_VG24"]
[Black "Corvidae"]
[Result "0-1"]
[WhiteElo "1710"]
[BlackElo "1890"]

1. e4 e5 2. f3 Bc5 3. Bc4 d6 4. Nc3 Nf6 5. d3 Qe7 6. Nb5 a6 7. Na3 Bxa3 8. b3
Bb4+ 9. c3 Bxc3+ 10. Bd2 Bxa1 11. Qxa1 Nc6 12. b4 b5 13. Bb3 Nd4 14. Bc3 Nxb3
15. axb3 O-O 16. Nh3 Bxh3 17. gxh3 Nh5 18. Rg1 Nf4 19. Kf1 Nxd3 20. Rg4 Qe6 21.
Qd1 Nf4 22. Qa1 Qxb3 23. Kf2 Qc2+ 24. Ke3 Qe2# 0-1

[Event "AUTO-INT-2916"]
[Site "http://www.queenalice.com/game.php?id=1317462"]
[Date "2014.10.23"]
[Round "1"]
[White "Corvidae"]
[Black "NLPS_VG24"]
[Result "1-0"]
[WhiteElo "1962"]
[BlackElo "1699"]

1. c4 c6 2. Nf3 d5 3. d4 Bf5 4. c5 e6 5. e3 Na6 6. Bd3 Nb4 7. Bxf5 exf5 8. a3
Na6 9. Bd2 Be7 10. O-O Bf6 11. Nc3 Nc7 12. Re1 Ne6 13. Qc2 Nh6 14. b4 Ng5 15.
Nxg5 Bxg5 16. Ne2 Qe7 17. Nf4 Qe4 18. Qxe4+ dxe4 19. h3 Ng8 20. Nh5 g6 21. Ng3
Nf6 22. Ne2 O-O 23. Nc3 Rad8 24. Rad1 Nd5 25. Nxd5 cxd5 26. Rc1 b6 27. c6 Rfe8
28. b5 1-0